000 00367nam a2200133Ia 4500
008 151001s9999||||xx |||||||||||||| ||und||
100 _aसुधाकर नारायण लक्ष्मी
245 _aउत्पीडन की यात्रा
250 _a1
260 _bकंचन
260 _c2004
300 _a63
365 _b21
999 _c989297
_d989294